Welcome to CU Library Online Public Access Catalogue (OPAC)

Management information systems for the information age / (Record no. 8094)

MARC details
000 -LEADER
fixed length control field 00756cam a22002414a 4500
001 - CONTROL NUMBER
control field 12442236
005 - DATE AND TIME OF LATEST TRANSACTION
control field 20251105171406.0
008 - FIXED-LENGTH DATA ELEMENTS--GENERAL INFORMATION
fixed length control field 010615s2002 maua b 001 0 eng
020 ## - INTERNATIONAL STANDARD BOOK NUMBER
International Standard Book Number 0072458720
020 ## - INTERNATIONAL STANDARD BOOK NUMBER
International Standard Book Number 9780072458725
050 00 - LIBRARY OF CONGRESS CALL NUMBER
Classification number T58.6
Item number .H18 2002
082 00 - DEWEY DECIMAL CLASSIFICATION NUMBER
Classification number 658.4/038
Edition information 21
100 1# - MAIN ENTRY--PERSONAL NAME
Personal name Haag, Stephen.
245 10 - TITLE STATEMENT
Title Management information systems for the information age /
Statement of responsibility, etc. Stephen Haag, Maeve Cummings, Donald J. McCubbrey.
250 ## - EDITION STATEMENT
Edition statement 3rd ed.
260 ## - PUBLICATION, DISTRIBUTION, ETC.
Place of publication, distribution, etc. Boston :
Name of publisher, distributor, etc. McGraw-Hill Irwin,
Date of publication, distribution, etc. c2002.
300 ## - PHYSICAL DESCRIPTION
Extent xxiii, 440 p. :
Other physical details col. ill. ;
Dimensions 29 cm.
650 #0 - SUBJECT ADDED ENTRY--TOPICAL TERM
Topical term or geographic name entry element Management information systems.
650 #0 - SUBJECT ADDED ENTRY--TOPICAL TERM
Topical term or geographic name entry element Information technology.
700 1# - ADDED ENTRY--PERSONAL NAME
Personal name Cummings, Maeve.
700 1# - ADDED ENTRY--PERSONAL NAME
Personal name McCubbrey, Donald J.
942 ## - ADDED ENTRY ELEMENTS (KOHA)
Source of classification or shelving scheme Library of Congress Classification
Koha item type Books
Edition 3rd ed.
Suppress in OPAC No
999 ## -
-- 8094
-- 8094
Holdings
Withdrawn status Lost status Source of classification or shelving scheme Damaged status Not for loan Collection Home library Current library Shelving location Date acquired Total checkouts Full call number Barcode Date last seen Copy number Price effective from Koha item type
    Library of Congress Classification     Non-fiction Science Library (Miotso) Science Library (Miotso) General stacks 11/05/2025   T58.6 HAA SLM00005434 11/05/2025 1 11/05/2025 Books
© 2023-2024 Copyright: Central University Libraries. All Rights Reserved | Created by: Mahone Tech Office